000 00630nam a2200217Ia 4500
003 OSt
005 20200917160241.0
008 191128t2001 -da gr 000 0 spa d
020 _a8425422116
040 _aCO-JMCR
_cCO-JMCR
041 _aspa
082 0 4 _aR /
_b413 .1
100 1 _aBodo Fischer, Martin,
_etraductor
_910409
245 0 _aEuroitaliano :
_bvocabulario 1A /
_cMartin Bodo Fischer, Adriana Rassi
250 _aPrimera edición
260 _aBerlín :
_bHerder,
_c©2001
300 _a80 páginas ;
_c17 cm.
650 1 4 _aVocabulario-
_910410
700 _aAdriana Rassi,
_etraductora
_910411
942 _2ddc
_cBK
999 _c4187
_d4187